00306nam a2200121Ia 4500008004100000022001400041041001200055082001600067245003200083260005000115440000900165650001000174240126s9999 xx 000 0 und d a0975-9514 aEnglish aLIBRARY-MBA 0aAKGEC Journal of technology bAjay Kumar Garg Engineeing collegeaGhaziabad aNULL aAKGEC